000 00339nam a2200109Ia 4500
008 220204s9999 xx 000 0 und d
082 _bJOS;1
100 _aJoseph, Toms
245 0 _aCommercial yield performance of Hevea clones in India: A comparative analysis
260 _aKottayam
_bEconomics Research Division, RRII
_c1999
942 _cREF
999 _c43979
_d43979